The pharmacy technician's introduction to pharmacy / (Record no. 23184)
[ view plain ]
| 000 -LEADER | |
|---|---|
| fixed length control field | 01496cam a22003015a 4500 |
| 001 - CONTROL NUMBER | |
| control field | 15849481 |
| 005 - DATE AND TIME OF LATEST TRANSACTION | |
| control field | 20161117143721.0 |
| 008 - FIXED-LENGTH DATA ELEMENTS--GENERAL INFORMATION | |
| fixed length control field | 090728t2009 dcua frbd 001 0 eng d |
| 020 ## - INTERNATIONAL STANDARD BOOK NUMBER | |
| International Standard Book Number | 9781582120935 |
| 020 ## - INTERNATIONAL STANDARD BOOK NUMBER | |
| International Standard Book Number | 1582120935 |
| 040 ## - CATALOGING SOURCE | |
| Original cataloging agency | DNLM/DLC |
| Transcribing agency | DLC |
| Modifying agency | YDX |
| -- | NLM |
| -- | DLC |
| -- | EG-ScBUE |
| Language of cataloging | eng |
| 082 04 - DEWEY DECIMAL CLASSIFICATION NUMBER | |
| Classification number | 615.1023 |
| Edition number | 22 |
| Item number | POS |
| 100 1# - MAIN ENTRY--PERSONAL NAME | |
| Personal name | Posey, L. Michael. |
| 245 14 - TITLE STATEMENT | |
| Title | The pharmacy technician's introduction to pharmacy / |
| Statement of responsibility, etc | L. Michael Posey. |
| 260 ## - PUBLICATION, DISTRIBUTION, ETC. (IMPRINT) | |
| Place of publication, distribution, etc | Washington : |
| Name of publisher, distributor, etc | American Pharmacists Association, |
| Date of publication, distribution, etc | c.2009. |
| 300 ## - PHYSICAL DESCRIPTION | |
| Extent | x, 192 p. : |
| Other physical details | ill. ; |
| Dimensions | 28 cm. |
| 490 0# - Series Statement | |
| Series statement | APhA pharmacy technician training series |
| 500 ## - GENERAL NOTE | |
| General note | Glossary : p. [177]-180. |
| 500 ## - GENERAL NOTE | |
| General note | Index : p. [181]-192. |
| 504 ## - BIBLIOGRAPHY, ETC. NOTE | |
| Bibliography, etc | Includes bibliographical references. |
| 505 0# - FORMATTED CONTENTS NOTE | |
| Formatted contents note | Pharmacy's cadence : drumbeat of a profession -- Development of pharmacy in history as a healing profession -- Pharmacy reborn : pharmaceutical care and medication therapy management -- Communications in pharmacy practice / Bruce A. Berger -- Ethics in pharmacy practice -- Careers for pharmacy technicians -- Governmental and voluntary oversight of pharmacy -- Pharmacy associations -- Using the pharmacy literature--and writing for it -- Postgraduate educational opportunities for pharmacists -- Current issues in pharmacy. |
| 650 #7 - SUBJECT ADDED ENTRY--TOPICAL TERM | |
| Topical term or geographic name as entry element | Pharmacy technicians. |
| Source of heading or term | BUEsh |
| 650 #7 - SUBJECT ADDED ENTRY--TOPICAL TERM | |
| Topical term or geographic name as entry element | Pharmacy |
| General subdivision | Practice. |
| Source of heading or term | BUEsh |
| 651 ## - SUBJECT ADDED ENTRY--GEOGRAPHIC NAME | |
| Source of heading or term | BUEsh |
| 653 ## - INDEX TERM--UNCONTROLLED | |
| Resource For college | Pharmacy |
| Arrived date list | November2016 |
| 710 2# - ADDED ENTRY--CORPORATE NAME | |
| Corporate name or jurisdiction name as entry element | American Pharmacists Association. |
| 942 ## - ADDED ENTRY ELEMENTS (KOHA) | |
| Source of classification or shelving scheme | Dewey Decimal Classification |
| Withdrawn status | Item status | Source of classification or shelving scheme | Damaged status | Not for loan | Vendor | Home library | Current library | Shelving location | Date acquired | Source of acquisition | Cost, normal purchase price | Serial Enumeration / chronology | Total Checkouts | Full call number | Barcode | Date last seen | Cost, replacement price | Koha item type |
|---|---|---|---|---|---|---|---|---|---|---|---|---|---|---|---|---|---|---|
| Dewey Decimal Classification | Baccah | Central Library | Central Library | First floor | 17/11/2016 | Purchase | 333.00 | 23587 | 615.1023 POS | 000034904 | 15/07/2025 | 416.00 | Book - Borrowing |